[Event "Tournoi élite du Barreau de Paris"]
[Site "Paris, France"]
[Date "2021.09.05"]
[Round "1.1"]
[White "Belkhodja, Slim"]
[Black "Kuhn, Clement"]
[Result "0-1"]
[TimeControl "90'+30\""]
[WhiteTitle "GM"]
[BlackTitle "FM"]
[WhiteElo "2358"]
[BlackElo "2302"]

1. e4 {[%clk 01:30:45]} {[%emt 00:00:13]} c5 {[%clk 01:30:45]} {[%emt
00:00:15]} 2. Nc3 {[%clk 01:30:46]} {[%emt 00:00:29]} Nc6 {[%clk 01:30:03]}
{[%emt 00:01:12]} 3. g3 {[%clk 01:30:51]} {[%emt 00:00:25]} g6 {[%clk
01:29:35]} {[%emt 00:00:58]} 4. Bg2 {[%clk 01:29:40]} {[%emt 00:01:40]} Bg7
{[%clk 01:29:58]} {[%emt 00:00:07]} 5. d3 {[%clk 01:29:40]} {[%emt 00:00:31]}
d6 {[%clk 01:28:06]} {[%emt 00:02:22]} 6. Nh3 {[%clk 01:28:21]} {[%emt
00:01:48]} e6 {[%clk 01:23:41]} {[%emt 00:04:55]} 7. O-O {[%clk 01:27:09]}
{[%emt 00:01:42]} Nge7 {[%clk 01:20:59]} {[%emt 00:03:13]} 8. f4 {[%clk
01:21:14]} {[%emt 00:06:25]} O-O {[%clk 01:20:34]} {[%emt 00:00:55]} 9. g4
{[%clk 01:14:53]} {[%emt 00:06:52]} f5 {[%clk 01:19:18]} {[%emt 00:01:46]} 10.
gxf5 {[%clk 01:09:56]} {[%emt 00:05:27]} exf5 {[%clk 01:17:53]} {[%emt
00:01:54]} 11. Kh1 {[%clk 01:05:22]} {[%emt 00:05:04]} h6 {[%clk 01:11:05]}
{[%emt 00:07:18]} 12. Be3 {[%clk 00:51:31]} {[%emt 00:14:21]} Be6 {[%clk
01:09:30]} {[%emt 00:02:05]} 13. Qd2 {[%clk 00:50:25]} {[%emt 00:01:37]} Qd7
{[%clk 01:08:26]} {[%emt 00:01:34]} 14. Ng1 {[%clk 00:47:43]} {[%emt 00:03:11]}
b6 {[%clk 01:04:26]} {[%emt 00:04:31]} 15. Bf2 {[%clk 00:46:51]} {[%emt
00:01:22]} d5 {[%clk 00:56:09]} {[%emt 00:08:47]} 16. e5 {[%clk 00:44:34]}
{[%emt 00:02:47]} d4 {[%clk 00:55:27]} {[%emt 00:01:12]} 17. Nce2 {[%clk
00:43:08]} {[%emt 00:01:56]} Nd5 {[%clk 00:48:52]} {[%emt 00:07:05]} 18. Nf3
{[%clk 00:40:56]} {[%emt 00:02:40]} Kh7 {[%clk 00:46:25]} {[%emt 00:02:57]} 19.
a3 {[%clk 00:30:48]} {[%emt 00:10:39]} g5 {[%clk 00:35:13]} {[%emt 00:11:42]}
20. fxg5 {[%clk 00:25:22]} {[%emt 00:05:55]} f4 {[%clk 00:34:23]} {[%emt
00:01:20]} 21. Rg1 {[%clk 00:16:25]} {[%emt 00:09:26]} Bg4 {[%clk 00:32:51]}
{[%emt 00:02:03]} 22. Raf1 {[%clk 00:12:56]} {[%emt 00:03:59]} Rae8 {[%clk
00:27:57]} {[%emt 00:05:24]} 23. c4 {[%clk 00:10:30]} {[%emt 00:02:56]} Nxe5
{[%clk 00:24:01]} {[%emt 00:04:26]} 24. Nexd4 {[%clk 00:03:11]} {[%emt
00:07:49]} cxd4 {[%clk 00:24:07]} {[%emt 00:00:24]} 25. Nxe5 {[%clk 00:02:42]}
{[%emt 00:00:58]} Rxe5 {[%clk 00:24:30]} {[%emt 00:00:06]} 26. Bxd5 {[%clk
00:02:30]} {[%emt 00:00:42]} Rxd5 {[%clk 00:21:56]} {[%emt 00:03:05]} 27. Rxg4
{[%clk 00:02:51]} {[%emt 00:00:09]} Qxg4 {[%clk 00:22:21]} {[%emt 00:00:06]} 28.
cxd5 {[%clk 00:03:10]} {[%emt 00:00:11]} Qxg5 {[%clk 00:21:38]} {[%emt
00:01:13]} 29. Qe2 {[%clk 00:01:57]} {[%emt 00:01:43]} Qxd5+ {[%clk 00:21:09]}
{[%emt 00:00:59]} 30. Qe4+ {[%clk 00:02:21]} {[%emt 00:00:06]} Qxe4+ {[%clk
00:21:34]} {[%emt 00:00:05]} 31. dxe4 {[%clk 00:02:48]} {[%emt 00:00:04]} Re8
{[%clk 00:16:52]} {[%emt 00:05:12]} 32. Kg2 {[%clk 00:02:51]} {[%emt 00:00:26]}
Rxe4 {[%clk 00:17:12]} {[%emt 00:00:11]} 33. Kf3 {[%clk 00:03:11]} {[%emt
00:00:10]} Re7 {[%clk 00:15:59]} {[%emt 00:01:43]} 34. Rd1 {[%clk 00:03:17]}
{[%emt 00:00:24]} Rc7 {[%clk 00:12:58]} {[%emt 00:03:31]} 35. Kxf4 {[%clk
00:02:45]} {[%emt 00:01:02]} Rf7+ {[%clk 00:11:36]} {[%emt 00:01:53]} 36. Kg3
{[%clk 00:03:09]} {[%emt 00:00:05]} Kg6 {[%clk 00:11:23]} {[%emt 00:00:43]} 37.
a4 {[%clk 00:01:39]} {[%emt 00:02:01]} Be5+ {[%clk 00:11:21]} {[%emt 00:00:31]}
38. Kg2 {[%clk 00:02:03]} {[%emt 00:00:06]} Rd7 {[%clk 00:09:25]} {[%emt
00:02:26]} 39. Kf3 {[%clk 00:02:13]} {[%emt 00:00:20]} Kf5 {[%clk 00:09:49]}
{[%emt 00:00:07]} 40. Be3 {[%clk 00:01:28]} {[%emt 00:01:15]} Rd6 {[%clk
00:09:51]} {[%emt 00:00:27]} 41. Bd2 {[%clk 00:01:42]} {[%emt 00:00:17]} Rc6
{[%clk 00:09:20]} {[%emt 00:01:01]} 42. Rf1 {[%clk 00:01:46]} {[%emt 00:00:26]}
h5 {[%clk 00:07:34]} {[%emt 00:02:17]} 43. Rg1 {[%clk 00:01:07]} {[%emt
00:01:08]} Rc2 {[%clk 00:07:03]} {[%emt 00:01:01]} 44. Rg5+ {[%clk 00:00:43]}
{[%emt 00:00:53]} Kf6 {[%clk 00:07:25]} {[%emt 00:00:09]} 45. Rg2 {[%clk
00:00:50]} {[%emt 00:00:23]} Kf5 {[%clk 00:05:55]} {[%emt 00:02:00]} 46. Rg5+
{[%clk 00:01:12]} {[%emt 00:00:08]} Ke6 {[%clk 00:06:02]} {[%emt 00:00:24]} 47.
Ke4 {[%clk 00:00:45]} {[%emt 00:00:57]} Bf6 {[%clk 00:06:20]} {[%emt 00:00:12]}
48. Rg2 {[%clk 00:00:35]} {[%emt 00:00:40]} Rxb2 {[%clk 00:06:44]} {[%emt
00:00:07]} 0-1

[Event "Tournoi élite du Barreau de Paris"]
[Site "Paris, France"]
[Date "2021.09.05"]
[Round "1.3"]
[White "Vlachos, Anatole"]
[Black "Rakotomaharo, Fy Antenaina"]
[Result "0-1"]
[TimeControl "90'+30\""]
[WhiteTitle "IM"]
[BlackTitle "IM"]
[WhiteElo "2421"]
[BlackElo "2475"]

1. e4 {[%clk 01:30:56]} {[%emt 00:00:02]} e5 {[%clk 01:30:22]} {[%emt
00:00:39]} 2. Nf3 {[%clk 01:31:21]} {[%emt 00:00:05]} Nc6 {[%clk 01:30:23]}
{[%emt 00:00:28]} 3. Bb5 {[%clk 01:31:40]} {[%emt 00:00:10]} a6 {[%clk
01:30:46]} {[%emt 00:00:07]} 4. Ba4 {[%clk 01:32:04]} {[%emt 00:00:07]} Nf6
{[%clk 01:30:33]} {[%emt 00:00:44]} 5. O-O {[%clk 01:31:34]} {[%emt 00:00:59]}
Bc5 {[%clk 01:29:27]} {[%emt 00:01:35]} 6. c3 {[%clk 01:31:54]} {[%emt
00:00:11]} b5 {[%clk 01:29:50]} {[%emt 00:00:07]} 7. Bb3 {[%clk 01:31:14]}
{[%emt 00:01:11]} d6 {[%clk 01:30:13]} {[%emt 00:00:07]} 8. a4 {[%clk
01:31:30]} {[%emt 00:00:15]} b4 {[%clk 01:30:08]} {[%emt 00:00:35]} 9. d4
{[%clk 01:28:51]} {[%emt 00:03:08]} Ba7 {[%clk 01:30:32]} {[%emt 00:00:06]} 10.
dxe5 {[%clk 01:27:19]} {[%emt 00:02:03]} Nxe5 {[%clk 01:30:34]} {[%emt
00:00:27]} 11. Nxe5 {[%clk 01:23:47]} {[%emt 00:04:02]} dxe5 {[%clk 01:30:57]}
{[%emt 00:00:07]} 12. Qxd8+ {[%clk 01:21:45]} {[%emt 00:02:32]} Kxd8 {[%clk
01:31:21]} {[%emt 00:00:06]} 13. Bg5 {[%clk 01:19:42]} {[%emt 00:02:34]} bxc3
{[%clk 01:05:03]} {[%emt 00:26:47]} 14. Rd1+ {[%clk 01:08:21]} {[%emt
00:11:51]} Ke7 {[%clk 00:49:17]} {[%emt 00:16:16]} 15. Nxc3 {[%clk 01:01:30]}
{[%emt 00:07:22]} c6 {[%clk 00:49:37]} {[%emt 00:00:11]} 16. Bd5 {[%clk
00:55:40]} {[%emt 00:06:19]} Bd7 {[%clk 00:48:57]} {[%emt 00:01:10]} 17. Bc4
{[%clk 00:50:32]} {[%emt 00:05:39]} Rhb8 {[%clk 00:42:52]} {[%emt 00:06:35]} 18.
Rd2 {[%clk 00:48:39]} {[%emt 00:02:22]} Bd4 {[%clk 00:42:06]} {[%emt 00:01:18]}
19. Ne2 {[%clk 00:45:58]} {[%emt 00:03:08]} Rb4 {[%clk 00:39:49]} {[%emt
00:02:49]} 20. Rc1 {[%clk 00:35:20]} {[%emt 00:11:07]} Bxb2 {[%clk 00:36:58]}
{[%emt 00:03:21]} 21. Rcc2 {[%clk 00:34:34]} {[%emt 00:01:16]} Ba3 {[%clk
00:28:08]} {[%emt 00:09:21]} 22. f4 {[%clk 00:31:53]} {[%emt 00:03:11]} h6
{[%clk 00:24:59]} {[%emt 00:03:39]} 23. Bxf6+ {[%clk 00:28:35]} {[%emt
00:03:48]} gxf6 {[%clk 00:25:19]} {[%emt 00:00:10]} 24. Ng3 {[%clk 00:24:38]}
{[%emt 00:04:28]} Rb1+ {[%clk 00:18:52]} {[%emt 00:06:56]} 25. Kf2 {[%clk
00:21:23]} {[%emt 00:03:46]} Bb4 {[%clk 00:09:18]} {[%emt 00:10:04]} 26. Rd3
{[%clk 00:19:51]} {[%emt 00:02:02]} Bc5+ {[%clk 00:09:18]} {[%emt 00:00:30]} 27.
Kf3 {[%clk 00:20:18]} {[%emt 00:00:02]} Bd4 {[%clk 00:09:44]} {[%emt 00:00:05]}
28. f5 {[%clk 00:20:37]} {[%emt 00:00:11]} c5 {[%clk 00:08:31]} {[%emt
00:01:42]} 29. Ra3 {[%clk 00:18:51]} {[%emt 00:02:16]} Rab8 {[%clk 00:04:51]}
{[%emt 00:04:10]} 30. Ne2 {[%clk 00:17:55]} {[%emt 00:01:26]} Rf1+ {[%clk
00:04:15]} {[%emt 00:01:06]} 31. Kg3 {[%clk 00:18:07]} {[%emt 00:00:18]} Rg8+
{[%clk 00:04:40]} {[%emt 00:00:06]} 32. Kh3 {[%clk 00:18:31]} {[%emt 00:00:06]}
Rxf5 {[%clk 00:04:56]} {[%emt 00:00:13]} 33. exf5 {[%clk 00:18:01]} {[%emt
00:01:01]} Bxf5+ {[%clk 00:05:21]} {[%emt 00:00:04]} 34. g4 {[%clk 00:17:42]}
{[%emt 00:00:48]} Bxc2 {[%clk 00:05:13]} {[%emt 00:00:38]} 35. Bxa6 {[%clk
00:17:26]} {[%emt 00:00:47]} h5 {[%clk 00:04:12]} {[%emt 00:01:31]} 36. Bb7
{[%clk 00:17:36]} {[%emt 00:00:19]} hxg4+ {[%clk 00:04:08]} {[%emt 00:00:34]}
37. Kg2 {[%clk 00:18:06]} Rb8 {[%clk 00:03:56]} {[%emt 00:00:43]} 38. Bd5
{[%clk 00:18:20]} {[%emt 00:00:16]} Bb2 {[%clk 00:03:11]} {[%emt 00:01:15]} 39.
Rg3 {[%clk 00:18:20]} {[%emt 00:00:31]} Bxa4 {[%clk 00:02:20]} {[%emt
00:01:21]} 40. Rxg4 {[%clk 00:18:47]} {[%emt 00:00:02]} Bd7 {[%clk 00:01:51]}
{[%emt 00:00:58]} 41. Rg7 {[%clk 00:18:16]} {[%emt 00:01:01]} Be6 {[%clk
00:02:12]} {[%emt 00:00:10]} 42. Be4 {[%clk 00:18:44]} {[%emt 00:00:02]} f5
{[%clk 00:02:28]} {[%emt 00:00:13]} 43. Bc2 {[%clk 00:19:13]} e4 {[%clk
00:02:50]} {[%emt 00:00:09]} 44. Rh7 {[%clk 00:19:16]} {[%emt 00:00:28]} Bd4
{[%emt 00:01:10]} 0-1

[Event "Tournoi élite du Barreau de Paris"]
[Site "Paris, France"]
[Date "2021.09.05"]
[Round "1.2"]
[White "Travadon, Loic"]
[Black "Razafindratsima, Timothe"]
[Result "0-1"]
[TimeControl "90'+30\""]
[WhiteTitle "IM"]
[BlackTitle "FM"]
[WhiteElo "2429"]
[BlackElo "2387"]

1. Nf3 {[%clk 01:30:30]} {[%emt 00:00:29]} d5 {[%clk 01:29:20]} {[%emt
00:01:41]} 2. b3 {[%clk 01:30:25]} {[%emt 00:00:35]} Nf6 {[%clk 01:28:47]}
{[%emt 00:01:03]} 3. Bb2 {[%clk 01:30:46]} {[%emt 00:00:09]} Bf5 {[%clk
01:28:03]} {[%emt 00:01:15]} 4. e3 {[%clk 01:29:42]} {[%emt 00:01:33]} e6
{[%clk 01:26:31]} {[%emt 00:02:02]} 5. Be2 {[%clk 01:22:54]} {[%emt 00:07:18]}
h6 {[%clk 01:26:17]} {[%emt 00:00:45]} 6. Bd3 {[%clk 01:22:43]} {[%emt
00:00:39]} Nbd7 {[%clk 01:19:59]} {[%emt 00:06:49]} 7. Nc3 {[%clk 01:20:06]}
{[%emt 00:03:07]} c6 {[%clk 01:17:59]} {[%emt 00:02:31]} 8. h3 {[%clk
01:18:50]} {[%emt 00:01:45]} Bd6 {[%clk 01:14:36]} {[%emt 00:03:53]} 9. Bxf5
{[%clk 01:18:14]} {[%emt 00:01:05]} exf5 {[%clk 01:15:01]} {[%emt 00:00:06]} 10.
Ne2 {[%clk 01:18:27]} {[%emt 00:00:15]} Qe7 {[%clk 01:13:50]} {[%emt 00:01:41]}
11. Ned4 {[%clk 01:10:51]} {[%emt 00:08:06]} g6 {[%clk 01:13:11]} {[%emt
00:01:09]} 12. Qe2 {[%clk 01:11:04]} {[%emt 00:00:17]} Ba3 {[%clk 01:04:50]}
{[%emt 00:08:52]} 13. Bxa3 {[%clk 01:11:11]} {[%emt 00:00:23]} Qxa3 {[%clk
01:05:17]} {[%emt 00:00:04]} 14. c4 {[%clk 01:10:58]} {[%emt 00:00:42]} O-O
{[%clk 01:02:28]} {[%emt 00:03:19]} 15. cxd5 {[%clk 01:11:00]} {[%emt
00:00:28]} Nxd5 {[%clk 01:01:26]} {[%emt 00:01:32]} 16. O-O {[%clk 01:06:57]}
{[%emt 00:04:31]} Rfe8 {[%clk 00:59:00]} {[%emt 00:02:57]} 17. Rfc1 {[%clk
00:59:10]} {[%emt 00:08:17]} a5 {[%clk 00:54:03]} {[%emt 00:05:27]} 18. Rab1
{[%clk 00:49:14]} {[%emt 00:10:25]} N7f6 {[%clk 00:46:32]} {[%emt 00:08:01]} 19.
d3 {[%clk 00:46:28]} {[%emt 00:03:16]} Qd6 {[%clk 00:39:42]} {[%emt 00:07:21]}
20. Qd2 {[%clk 00:46:05]} {[%emt 00:00:53]} Nb4 {[%clk 00:36:15]} {[%emt
00:03:57]} 21. a3 {[%clk 00:44:40]} {[%emt 00:01:54]} Nbd5 {[%clk 00:36:44]}
{[%emt 00:00:02]} 22. Qb2 {[%clk 00:44:42]} {[%emt 00:00:28]} Nd7 {[%clk
00:33:26]} {[%emt 00:03:48]} 23. Re1 {[%clk 00:44:08]} {[%emt 00:01:03]} Ne5
{[%clk 00:30:08]} {[%emt 00:03:49]} 24. Nxe5 {[%clk 00:43:55]} {[%emt
00:00:42]} Qxe5 {[%clk 00:30:19]} {[%emt 00:00:19]} 25. g3 {[%clk 00:42:47]}
{[%emt 00:01:38]} Rad8 {[%clk 00:27:54]} {[%emt 00:02:55]} 26. b4 {[%clk
00:40:55]} {[%emt 00:02:22]} a4 {[%clk 00:23:53]} {[%emt 00:04:32]} 27. Nf3
{[%clk 00:40:06]} {[%emt 00:01:18]} Qxb2 {[%clk 00:17:01]} {[%emt 00:07:22]} 28.
Rxb2 {[%clk 00:40:34]} {[%emt 00:00:02]} Nc3 {[%clk 00:14:00]} {[%emt
00:03:32]} 29. d4 {[%clk 00:40:53]} {[%emt 00:00:11]} Nb5 {[%clk 00:14:07]}
{[%emt 00:00:24]} 30. Ra1 {[%clk 00:41:16]} {[%emt 00:00:06]} g5 {[%clk
00:12:50]} {[%emt 00:01:48]} 31. Kh2 {[%clk 00:36:51]} {[%emt 00:04:53]} Kg7
{[%clk 00:11:40]} {[%emt 00:01:41]} 32. Rc2 {[%clk 00:36:26]} {[%emt 00:00:55]}
f4 {[%clk 00:09:00]} {[%emt 00:03:10]} 33. gxf4 {[%clk 00:36:49]} {[%emt
00:00:07]} gxf4 {[%clk 00:09:29]} {[%emt 00:00:01]} 34. Rg1+ {[%clk 00:36:16]}
{[%emt 00:01:03]} Kh7 {[%clk 00:08:47]} {[%emt 00:01:13]} 35. Ne5 {[%clk
00:33:08]} {[%emt 00:03:37]} f6 {[%clk 00:07:30]} {[%emt 00:01:47]} 36. Ng4
{[%clk 00:30:42]} {[%emt 00:02:56]} Re6 {[%clk 00:06:24]} {[%emt 00:01:36]} 37.
Rc5 {[%clk 00:30:42]} {[%emt 00:00:30]} fxe3 {[%clk 00:06:13]} {[%emt
00:00:42]} 38. fxe3 {[%clk 00:30:13]} {[%emt 00:00:59]} Rd5 {[%clk 00:06:31]}
{[%emt 00:00:12]} 39. Rc2 {[%clk 00:21:34]} {[%emt 00:09:08]} h5 {[%clk
00:06:27]} {[%emt 00:00:34]} 40. e4 {[%clk 00:21:58]} {[%emt 00:00:07]} Rxd4
{[%clk 00:06:03]} {[%emt 00:00:54]} 41. Nf2 {[%clk 00:13:31]} {[%emt 00:08:56]}
Re5 {[%clk 00:05:14]} {[%emt 00:01:20]} 42. Nh1 {[%clk 00:10:38]} {[%emt
00:03:23]} Rdxe4 {[%clk 00:04:31]} {[%emt 00:01:13]} 43. Ng3 {[%clk 00:11:06]}
{[%emt 00:00:02]} Rd4 {[%clk 00:04:11]} {[%emt 00:00:51]} 44. Rcg2 {[%clk
00:09:35]} {[%emt 00:02:00]} Rd7 {[%clk 00:04:04]} {[%emt 00:00:37]} 45. Rf1
{[%clk 00:09:13]} {[%emt 00:00:52]} Rf7 {[%clk 00:04:11]} {[%emt 00:00:23]} 46.
Rf4 {[%clk 00:09:27]} {[%emt 00:00:16]} Nxa3 {[%clk 00:03:35]} {[%emt
00:01:06]} 47. Ne4 {[%clk 00:09:06]} {[%emt 00:00:51]} Rxe4 {[%clk 00:03:05]}
{[%emt 00:01:00]} 48. Rxe4 {[%clk 00:09:34]} {[%emt 00:00:02]} Nb5 {[%clk
00:03:24]} {[%emt 00:00:11]} 49. Rf2 {[%clk 00:04:39]} {[%emt 00:05:25]} a3
{[%clk 00:03:08]} {[%emt 00:00:47]} 50. Re3 {[%clk 00:05:08]} {[%emt 00:00:01]}
f5 {[%clk 00:03:04]} {[%emt 00:00:34]} 51. Kg3 {[%clk 00:04:06]} {[%emt
00:01:31]} Kg6 {[%clk 00:01:25]} {[%emt 00:02:08]} 52. Kf4 {[%clk 00:04:26]}
{[%emt 00:00:11]} Kf6 {[%clk 00:00:40]} {[%emt 00:01:15]} 53. Rfe2 {[%clk
00:02:04]} {[%emt 00:02:52]} Nd4 {[%clk 00:01:04]} {[%emt 00:00:05]} 54. Ra2
{[%clk 00:02:30]} {[%emt 00:00:04]} Nb5 {[%emt 00:00:43]} 55. Re5 {[%clk
00:02:19]} {[%emt 00:00:40]} Nd4 {[%clk 00:01:17]} {[%emt 00:00:05]} 56. Re8
{[%clk 00:02:25]} {[%emt 00:00:23]} Ne6+ {[%clk 00:01:26]} {[%emt 00:00:21]} 57.
Kf3 {[%clk 00:01:58]} {[%emt 00:00:57]} Nd4+ {[%clk 00:01:28]} {[%emt
00:00:28]} 58. Ke3 {[%clk 00:01:47]} {[%emt 00:00:42]} Nb5 {[%clk 00:01:49]}
{[%emt 00:00:09]} 59. Kf4 {[%clk 00:02:07]} {[%emt 00:00:10]} Rd7 {[%clk
00:01:05]} {[%emt 00:01:14]} 60. Rf8+ {[%clk 00:01:19]} {[%emt 00:01:18]} Ke6
{[%clk 00:00:57]} {[%emt 00:00:37]} 61. Re2+ {[%clk 00:01:30]} {[%emt
00:00:19]} Kd5 {[%clk 00:01:22]} {[%emt 00:00:05]} 62. Rd2+ {[%clk 00:01:38]}
{[%emt 00:00:21]} Nd4 {[%clk 00:00:59]} {[%emt 00:00:54]} 63. Ra8 {[%clk
00:01:04]} {[%emt 00:01:04]} Kc4 {[%clk 00:01:04]} {[%emt 00:00:25]} 64. Rxa3
{[%clk 00:01:11]} {[%emt 00:00:23]} Kxb4 {[%clk 00:00:55]} {[%emt 00:00:39]} 65.
Ra1 {[%clk 00:01:03]} {[%emt 00:00:38]} Ne6 {[%clk 00:01:00]} {[%emt 00:00:25]}
66. Ke3 {[%clk 00:01:28]} {[%emt 00:00:05]} f4+ {[%clk 00:00:57]} {[%emt
00:00:33]} 67. Ke2 {[%clk 00:01:57]} {[%emt 00:00:02]} Nd4+ {[%clk 00:00:59]}
{[%emt 00:00:28]} 68. Kf2 {[%clk 00:02:18]} {[%emt 00:00:08]} c5 {[%clk
00:01:08]} {[%emt 00:00:21]} 69. Rad1 {[%clk 00:02:03]} {[%emt 00:00:45]} Kc4
{[%clk 00:01:04]} {[%emt 00:00:35]} 70. Rc1+ {[%clk 00:02:24]} {[%emt
00:00:09]} Kd5 {[%clk 00:01:13]} {[%emt 00:00:21]} 71. Rg1 {[%clk 00:02:52]}
{[%emt 00:00:01]} b5 {[%clk 00:00:36]} {[%emt 00:01:07]} 72. Rg5+ {[%clk
00:03:14]} {[%emt 00:00:09]} Kc4 {[%clk 00:01:01]} {[%emt 00:00:05]} 73. Rxh5
{[%clk 00:03:28]} {[%emt 00:00:16]} Kc3 {[%clk 00:00:52]} {[%emt 00:00:39]} 74.
Rd1 {[%clk 00:03:45]} {[%emt 00:00:13]} Kc2 {[%clk 00:01:18]} {[%emt 00:00:04]}
75. Re1 {[%clk 00:04:06]} {[%emt 00:00:09]} c4 {[%clk 00:01:39]} {[%emt
00:00:09]} 76. Rc5 {[%clk 00:03:58]} {[%emt 00:00:38]} c3 {[%clk 00:01:41]}
{[%emt 00:00:28]} 77. h4 {[%clk 00:01:42]} {[%emt 00:02:47]} b4 {[%clk
00:02:00]} {[%emt 00:00:11]} 78. h5 {[%clk 00:02:01]} {[%emt 00:00:11]} b3
{[%clk 00:01:35]} {[%emt 00:00:55]} 79. h6 {[%clk 00:02:16]} {[%emt 00:00:14]}
b2 {[%clk 00:01:32]} {[%emt 00:00:33]} 80. Rc4 {[%clk 00:01:22]} {[%emt
00:01:24]} Nb3 {[%clk 00:01:13]} {[%emt 00:00:48]} 81. Rb4 {[%clk 00:00:45]}
{[%emt 00:01:08]} Nc1 {[%clk 00:01:17]} {[%emt 00:00:25]} 82. Kf3 {[%clk
00:01:04]} {[%emt 00:00:11]} Nd3 {[%clk 00:00:44]} {[%emt 00:01:03]} 83. Re2+
{[%clk 00:01:33]} {[%emt 00:00:02]} Kc1 {[%clk 00:00:36]} {[%emt 00:00:38]} 84.
Rh2 {[%clk 00:01:40]} {[%emt 00:00:22]} Nxb4 {[%clk 00:00:42]} {[%emt
00:00:24]} 85. Rh1+ {[%emt 00:00:17]} 0-1


[ePGN "0.1;DGT LiveChess/2.2.5"]

[Event "Tournoi élite du Barreau de Paris"]
[Site "Paris, France"]
[Date "2021.09.05"]
[Round "2.2"]
[White "Travadon, Loic"]
[Black "Belkhodja, Slim"]
[Result "1-0"]
[TimeControl "90'+30\""]
[WhiteTitle "IM"]
[BlackTitle "GM"]
[WhiteElo "2429"]
[BlackElo "2358"]

1. d4 {[%clk 01:30:57]} {[%emt 00:00:02]} Nf6 {[%clk 01:26:31]} {[%emt
00:04:29]} 2. Nf3 {[%clk 01:31:21]} {[%emt 00:00:06]} g6 {[%clk 01:26:45]}
{[%emt 00:00:16]} 3. c4 {[%clk 01:31:47]} {[%emt 00:00:05]} Bg7 {[%clk
01:27:10]} {[%emt 00:00:05]} 4. Nc3 {[%clk 01:32:11]} {[%emt 00:00:05]} O-O
{[%clk 01:27:24]} {[%emt 00:00:15]} 5. e4 {[%clk 01:32:38]} {[%emt 00:00:04]}
d6 {[%clk 01:27:50]} {[%emt 00:00:04]} 6. Be2 {[%clk 01:33:03]} {[%emt
00:00:04]} e5 {[%clk 01:27:57]} {[%emt 00:00:23]} 7. d5 {[%clk 01:33:28]}
{[%emt 00:00:05]} Na6 {[%clk 01:25:20]} {[%emt 00:03:07]} 8. Nd2 {[%clk
01:33:45]} {[%emt 00:00:13]} c6 {[%clk 01:22:20]} {[%emt 00:03:30]} 9. g4
{[%clk 01:33:41]} {[%emt 00:00:34]} Bd7 {[%clk 01:14:23]} {[%emt 00:08:28]} 10.
h4 {[%clk 01:33:47]} {[%emt 00:00:24]} Rb8 {[%clk 01:12:45]} {[%emt 00:02:08]}
11. g5 {[%clk 01:30:57]} {[%emt 00:03:19]} Ne8 {[%clk 01:10:51]} {[%emt
00:02:23]} 12. Nf1 {[%clk 01:31:18]} {[%emt 00:00:09]} cxd5 {[%clk 01:09:12]}
{[%emt 00:02:10]} 13. Nxd5 {[%clk 01:31:24]} {[%emt 00:00:23]} Nc5 {[%clk
01:07:53]} {[%emt 00:01:49]} 14. Ng3 {[%clk 01:31:48]} {[%emt 00:00:06]} Ne6
{[%clk 00:57:18]} {[%emt 00:11:05]} 15. Be3 {[%clk 01:32:08]} {[%emt 00:00:09]}
Nf4 {[%clk 00:51:27]} {[%emt 00:06:20]} 16. Kf1 {[%clk 01:30:36]} {[%emt
00:02:04]} b5 {[%clk 00:45:42]} {[%emt 00:06:15]} 17. c5 {[%clk 01:29:56]}
{[%emt 00:01:10]} b4 {[%clk 00:40:17]} {[%emt 00:05:55]} 18. Nxf4 {[%clk
01:26:08]} {[%emt 00:04:18]} exf4 {[%clk 00:40:37]} {[%emt 00:00:09]} 19. Bxf4
{[%clk 01:26:33]} {[%emt 00:00:04]} Bxb2 {[%clk 00:40:10]} {[%emt 00:00:58]} 20.
Kg2 {[%clk 01:22:55]} {[%emt 00:04:08]} dxc5 {[%clk 00:34:59]} {[%emt
00:05:42]} 21. h5 {[%clk 01:19:46]} {[%emt 00:03:38]} Bd4 {[%clk 00:24:39]}
{[%emt 00:10:50]} 22. hxg6 {[%clk 01:16:47]} {[%emt 00:03:30]} hxg6 {[%clk
00:24:19]} {[%emt 00:00:50]} 23. Qg1 {[%clk 01:16:43]} {[%emt 00:00:34]} Nc7
{[%clk 00:14:40]} {[%emt 00:10:08]} 24. Qh2 {[%clk 01:16:55]} {[%emt 00:00:18]}
Re8 {[%clk 00:10:10]} {[%emt 00:05:01]} 25. Qh7+ {[%clk 01:17:19]} {[%emt
00:00:06]} Kf8 {[%clk 00:10:33]} {[%emt 00:00:05]} 26. Bd6+ {[%clk 01:17:43]}
{[%emt 00:00:07]} Re7 {[%clk 00:10:31]} {[%emt 00:00:32]} 27. Qh8+ {[%clk
01:17:35]} {[%emt 00:00:38]} 1-0